LEADER 02963nam 2200601 450 001 9910459709403321 005 20210624213932.0 010 $a0-19-939205-6 010 $a0-19-062367-5 010 $a0-19-939204-8 035 $a(CKB)3710000000362889 035 $a(EBL)1969454 035 $a(OCoLC)904132310 035 $a(SSID)ssj0001458439 035 $a(PQKBManifestationID)12560582 035 $a(PQKBTitleCode)TC0001458439 035 $a(PQKBWorkID)11451988 035 $a(PQKB)10380348 035 $a(MiAaPQ)EBC1969454 035 $a(Au-PeEL)EBL1969454 035 $a(CaPaEBR)ebr11025675 035 $a(CaONFJC)MIL734244 035 $a(EXLCZ)993710000000362889 100 $a20150313h20152015 uy 0 101 0 $aeng 135 $aur|n|---||||| 181 $ctxt 182 $cc 183 $acr 200 10$aDeng Xiaoping $ea revolutionary life /$fAlexander V. Pantsov and Steven I. Levine 210 1$aNew York, New York :$cOxford University Press,$d2015. 210 4$dİ2015 215 $a1 online resource (641 p.) 300 $aDescription based upon print version of record. 311 $a1-336-02958-7 311 $a0-19-939203-X 320 $aIncludes bibliographical references and index. 327 $a""10 a???Critique of the Cult of Personalitya??? and Its Consequences""""11 a???A Great Growing Forcea???""; ""12 Being and Consciousness""; ""13 a???Yellow Cat, Black Cata???""; ""14 Number Two Capitalist Roader""; ""15 Arrest and Exile""; ""Part Three The Pragmatist""; ""16 a???Soft as Cotton, Sharp as a Needlea???""; ""17 New Trials""; ""18 Practice as the Criterion of Truth""; ""19 The Cardinal Principles""; ""20 a???Let Some People Get Rich Firsta???""; ""21 One Country, Two Systems""; ""22 Reforms and Democracy""; ""23 The Tiananmen Tragedy""; ""24 A Retired Patriarch""; ""Epilogue"" 330 $aDeng Xiaoping joined the Chinese Communist movement as a youth and rose in its ranks to become an important lieutenant of Mao's from the 1930s onward. Two years after Mao's death in 1976, Deng became the de facto leader of the Chinese Communist Party and the prime architect of China's post-Mao reforms. Abandoning the Maoist socio-economic policies he had long fervently supported, he set in motion changes that would dramatically transform China's economy, society, and position in the world. Three decades later, we are living with the results. China has become the second largest economy and the 606 $aHeads of state$zChina$vBiography 607 $aChina$xPolitics and government$y1976-2002 608 $aElectronic books. 615 0$aHeads of state 676 $a951.05092 700 $aPantsov$b Alexander V.$0517998 702 $aLevine$b Steven I. 801 0$bMiAaPQ 801 1$bMiAaPQ 801 2$bMiAaPQ 906 $aBOOK 912 $a9910459709403321 996 $aDeng Xiaoping$92128388 997 $aUNINA LEADER 02002oam 2200589M 450 001 9910716507703321 005 20210706133936.0 035 $a(CKB)5470000002523083 035 $a(OCoLC)1065818306 035 $a(OCoLC)995470000002523083 035 $a(EXLCZ)995470000002523083 100 $a20071213d1926 ua 0 101 0 $aeng 135 $aurcn||||||||| 181 $ctxt$2rdacontent 182 $cc$2rdamedia 183 $acr$2rdacarrier 200 10$aLevin P. Kelly. April 12, 1926. -- Committed to the Committee of the Whole House and ordered to be printed 210 1$a[Washington, D.C.] :$c[U.S. Government Printing Office],$d1926. 215 $a1 online resource (5 pages) 225 1 $aHouse report / 69th Congress, 1st session. House ;$vno. 828 225 1 $a[United States congressional serial set] ;$v[serial no. 8536.] 300 $aBatch processed record: Metadata reviewed, not verified. Some fields updated by batch processes. 300 $aFDLP item number not assigned. 606 $aClaims 606 $aMalicious mischief 606 $aVandalism 606 $aFreight and freightage 606 $aFreight and freightage$xAwards 606 $aLegislative amendments 606 $aCollisions at sea 606 $aShipwrecks 608 $aLegislative materials.$2lcgft 615 0$aClaims. 615 0$aMalicious mischief. 615 0$aVandalism. 615 0$aFreight and freightage. 615 0$aFreight and freightage$xAwards. 615 0$aLegislative amendments. 615 0$aCollisions at sea. 615 0$aShipwrecks. 701 $aUnderhill$b Charles Lee$f1867-1946$pRepublican (MA)$01386821 801 0$bWYU 801 1$bWYU 801 2$bOCLCO 801 2$bOCLCQ 801 2$bOCLCO 801 2$bOCLCQ 906 $aBOOK 912 $a9910716507703321 996 $aLevin P. Kelly. April 12, 1926. -- Committed to the Committee of the Whole House and ordered to be printed$93529982 997 $aUNINA